000 01982cam a2200289 4500500
005 20260322010821.0
041 _afre
042 _adc
100 1 0 _aBattistella, Dario
_eauthor
245 0 0 _aLa guerre, choix rationnel
260 _c2025.
500 _a14
520 _aThe Russia-Ukraine war, all the more so since it takes place in Europe, is often considered to be the result of an irrational behavior on behalf of Russia. Such a perception is actually based on a confusion between two forms of rationality: axiological rationality, based on values, and instrumental rationality, oriented toward a goal. Postulating that war is but the mere continuation of foreign policy by other, that is, violent, means, this article on the contrary shows that Russia’s decision to invade Ukraine was perfectly rational.
520 _aEntre autres raisons parce qu’elle a lieu en Europe, la guerre Russie-Ukraine est volontiers présentée comme défiant toute rationalité. Cette perception repose en fait sur une confusion entre deux formes de rationalité : la rationalité axiologique, fondée sur des valeurs, et la rationalité instrumentale, orientée vers un objectif. Cet article démontre tout au contraire que la décision russe d’envahir l’Ukraine est parfaitement rationnelle, dès lors que l’on considère la guerre comme la simple continuation de la politique étrangère par d’autres moyens, en l’occurrence violents.
690 _aguerre
690 _arationalité
690 _arationalité instrumentale
690 _arationalité limitée
690 _autilité attendue
690 _abounded rationality
690 _aexpected utility
690 _arationality
690 _astrategic rationality
690 _awar
786 0 _nRegards croisés sur l'économie | 36 | 1 | 2025-07-21 | p. 17-26 | 1956-7413
856 4 1 _uhttps://shs.cairn.info/revue-regards-croises-sur-leconomie-2025-1-page-17?lang=fr&redirect-ssocas=7080
999 _c1759726
_d1759726